<?xml version="1.0" encoding="UTF-8"?>
<marc:record xmlns:marc="http://www.loc.gov/MARC21/slim">
   <marc:leader>00000nam a2200000 a 4500</marc:leader>
   <marc:datafield ind1="1" ind2=" " tag="100">
      <marc:subfield code="a">Zeman, Barbara</marc:subfield>
      <marc:subfield code="4">aut</marc:subfield>
      <marc:subfield code="e">Verfasser/-in</marc:subfield>
   </marc:datafield>
   <marc:datafield ind1="0" ind2="0" tag="245">
      <marc:subfield code="a">Immerjahn</marc:subfield>
   </marc:datafield>
   <marc:datafield ind1="0" ind2="0" tag="245">
      <marc:subfield code="b">Roman</marc:subfield>
   </marc:datafield>
   <marc:datafield ind1="0" ind2="0" tag="245">
      <marc:subfield code="c">Zeman, Barbara</marc:subfield>
   </marc:datafield>
   <marc:datafield ind1=" " ind2="1" tag="264">
      <marc:subfield code="a">Hamburg</marc:subfield>
      <marc:subfield code="b">Hoffmann und Campe</marc:subfield>
      <marc:subfield code="c">2019</marc:subfield>
   </marc:datafield>
   <marc:datafield ind1=" " ind2=" " tag="250">
      <marc:subfield code="a">1. Auflage</marc:subfield>
   </marc:datafield>
   <marc:datafield ind1="1" ind2=" " tag="520">
      <marc:subfield code="a">In der lähmenden Hitze eines Spätsommers beschließt der steinreiche Erbe Immerjahn, der Erlesenheit seiner Welt zu entfliehen. Er will seine Villa mitsamt der eindrucksvollen Kunstsammlung zum Museum machen. Doch bei den Vorbereitungen verstrickt er sich zunehmend in den Fäden seiner Liebes- und Lebensgeschichte. Statt unentwegt an der bevorstehenden Eröffnung zu arbeiten, wird Immerjahn von seiner Melancholie übermannt, und während der Sohn Olympisches Gold erschwimmt, offenbart sich Immerjahn, dass seine Frau Katka wohl seit Jahren schon seinen besten Freund liebt. So scheint ihm kurz vor der Ausstellungseröffnung nicht nur die Zeit zwischen den Fingern zu zerrinnen, sondern sein ganzes Leben. [Verlagstext]</marc:subfield>
   </marc:datafield>
   <marc:datafield ind1=" " ind2=" " tag="020">
      <marc:subfield code="a">9783455004953</marc:subfield>
      <marc:subfield code="9">9783455004953</marc:subfield>
   </marc:datafield>
   <marc:datafield ind1=" " ind2=" " tag="020">
      <marc:subfield code="a">3455004954</marc:subfield>
      <marc:subfield code="9">3455004954</marc:subfield>
   </marc:datafield>
   <marc:datafield ind1=" " ind2=" " tag="041">
      <marc:subfield code="a">ger</marc:subfield>
   </marc:datafield>
   <marc:datafield ind1=" " ind2=" " tag="338">
      <marc:subfield code="a">Band</marc:subfield>
   </marc:datafield>
   <marc:datafield ind1=" " ind2=" " tag="300">
      <marc:subfield code="a">285 Seiten</marc:subfield>
   </marc:datafield>
</marc:record>
